000 00505nam a2200181Ia 4500
005 20250326125118.0
008 250326s9999 xx 000 0 und d
037 _aTextbook
040 _aFMSL
_beng
_cFMSL
041 _aeng
_2eng
084 _aX:9 L8
_qFMSL
100 _aLegge K
_9128081
245 0 _aPower, innovation, and problem-solving in personnel management
_cLegge K
260 _aNY
_bNY, McGraw-Hill
_c1978
300 _a150p
942 _cTB
_hX:9 L8
999 _c1276600
_d1276600